[Event "Lima Morales Memorial op 3rd"]
[Site "Lima"]
[Date "2013.??.??"]
[Round "3"]
[White "Lopez, Dante"]
[Black "Rodriguez Tinco, Percy"]
[Result "1-0"]
[WhiteElo "2178"]
[BlackElo "1811"]
[PlyCount "77"]
[EventDate "2013.02.02"]
[EventType "swiss"]
[EventRounds "11"]
[EventCountry "PER"]
[SourceTitle "CBM 153 Extra"]
[Source "ChessBase"]
[SourceDate "2013.04.22"]
[SourceVersion "1"]
[SourceVersionDate "2013.04.22"]
[SourceQuality "1"]

1. c4 Nf6 2. Nf3 g6 3. Nc3 Bg7 4. e4 d6 5. d4 0-0 6. Be2 e5 7. 0-0 Nc6 8. d5 Ne7 9. b4 a5 10. Ba3 axb4 11. Bxb4 b6 12. a4 Ne8 13. a5 c5 14. dxc6 Nxc6 15. Ba3 Rxa5 16. Nb5 Be6 17. Qd2 Nd4 18. Nfxd4 exd4 19. Bb2 Qa8 20. f3 f5 21. Nxd4 Bd7 22. exf5 Bxf5 23. Nxf5 Rfxf5 24. Bxg7 Kxg7 25. Qd4+ Kg8 26. Bd3 Rg5 27. Be4 Qc8 28. Rxa5 bxa5 29. Bd5+ Kf8 30. Qh8+ Ke7 31. Qxh7+ Kd8 32. Qh4 Qc5+ 33. Kh1 Qe3 34. f4 Qe2 35. Qxg5+ Kc7 36. Rb1 Ng7 37. Qxg6 Ne8 38. Qf7+ Kc8 39. Be6+ 1-0

[Event "Lima Morales Memorial op 3rd"]
[Site "Lima"]
[Date "2013.??.??"]
[Round "1"]
[White "Mendoza Sosaya, Eric"]
[Black "Rodriguez Tinco, Percy"]
[Result "1/2-1/2"]
[WhiteElo "1704"]
[BlackElo "1811"]
[PlyCount "52"]
[EventDate "2013.02.02"]
[EventType "swiss"]
[EventRounds "11"]
[EventCountry "PER"]
[SourceTitle "CBM 153 Extra"]
[Source "ChessBase"]
[SourceDate "2013.04.22"]
[SourceVersion "1"]
[SourceVersionDate "2013.04.22"]
[SourceQuality "1"]

1. e4 d6 2. d4 Nf6 3. Nc3 g6 4. Bc4 Bg7 5. Nf3 0-0 6. 0-0 Nxe4 7. Nxe4 d5 8. Bd3 dxe4 9. Bxe4 Nd7 10. c3 c5 11. Be3 Nf6 12. Bc2 cxd4 13. Bxd4 Bg4 14. h3 Be6 15. Re1 a6 16. Qe2 Re8 17. Rad1 Qc7 18. a3 Bd5 19. Bxf6 Bxf3 20. Qxf3 Bxf6 21. Be4 Rab8 22. Rd3 b5 23. Red1 Red8 24. Qg3 Qb6 25. Rd7 Rxd7 26. Rxd7 Rd8 1/2-1/2

[Event "Tingo Maria UNAS Semana Santa op"]
[Site "Tingo Maria"]
[Date "2012.04.08"]
[Round "9"]
[White "Rodriguez Tinco, Percy"]
[Black "Menacho Ordonez, Daniel Tomas"]
[Result "1-0"]
[WhiteElo "1732"]
[BlackElo "1691"]
[PlyCount "35"]
[EventDate "2012.04.05"]
[EventType "swiss"]
[EventRounds "9"]
[EventCountry "PER"]
[SourceTitle "EXT 2014"]
[Source "ChessBase"]
[SourceDate "2013.11.20"]
[SourceVersion "1"]
[SourceVersionDate "2013.11.20"]
[SourceQuality "1"]

1. d4 d5 2. c4 e6 3. Nc3 Nf6 4. Bg5 c6 5. cxd5 cxd5 6. e3 Nc6 7. Nf3 Bb4 8. Bd3 h6 9. Bh4 Qa5 10. Qb3 Bd7 11. 0-0 Qd8 12. Ne5 Bxc3 13. bxc3 g5 14. Bg3 Qc8 15. Qa3 a6 16. Nxc6 Qxc6 17. Be5 Bc8 18. Bxf6 1-0

[Event "Tingo Maria UNAS Semana Santa op"]
[Site "Tingo Maria"]
[Date "2012.04.06"]
[Round "3"]
[White "Rodriguez Tinco, Percy"]
[Black "Maldonado Rivera, Walter Eduardo"]
[Result "1-0"]
[WhiteElo "1732"]
[BlackElo "1755"]
[PlyCount "39"]
[EventDate "2012.04.05"]
[EventType "swiss"]
[EventRounds "9"]
[EventCountry "PER"]
[SourceTitle "EXT 2014"]
[Source "ChessBase"]
[SourceDate "2013.11.20"]
[SourceVersion "1"]
[SourceVersionDate "2013.11.20"]
[SourceQuality "1"]

1. d4 Nf6 2. c4 d5 3. cxd5 Nxd5 4. e4 Nb6 5. Nf3 Nc6 6. d5 Na5 7. Bd2 Nac4 8. Bxc4 Nxc4 9. Qa4+ Bd7 10. Qxc4 Rc8 11. Ne5 f6 12. Nxd7 Qxd7 13. 0-0 c6 14. Rc1 g6 15. Be3 a6 16. Nd2 Bg7 17. Rab1 0-0 18. dxc6+ Kh8 19. cxd7 Rxc4 20. Rxc4 1-0

[Event "Tingo Maria UNAS Semana Santa op"]
[Site "Tingo Maria"]
[Date "2012.04.05"]
[Round "1"]
[White "Rodriguez Tinco, Percy"]
[Black "Chavez Tapia, Kind"]
[Result "1-0"]
[WhiteElo "1732"]
[BlackElo "1311"]
[PlyCount "67"]
[EventDate "2012.04.05"]
[EventType "swiss"]
[EventRounds "9"]
[EventCountry "PER"]
[SourceTitle "EXT 2014"]
[Source "ChessBase"]
[SourceDate "2013.11.20"]
[SourceVersion "1"]
[SourceVersionDate "2013.11.20"]
[SourceQuality "1"]

1. e4 c5 2. d4 cxd4 3. c3 dxc3 4. Nxc3 Nc6 5. Nf3 e5 6. Bc4 h6 7. 0-0 Nf6 8. Be3 Be7 9. Qe2 a6 10. Rfd1 d6 11. Rac1 0-0 12. Bb3 Bd7 13. Na4 Nxe4 14. Bb6 Qc8 15. Qxe4 Kh8 16. Nc3 f5 17. Qe3 f4 18. Qd2 Bf5 19. Nd5 Qe6 20. Nc7 Qf6 21. Nxa8 Rxa8 22. Bd5 Rc8 23. Rc3 Qg6 24. Ne1 Bg5 25. f3 e4 26. Bxe4 Bxe4 27. fxe4 f3 28. Qxd6 Qxe4 29. Rxf3 Be7 30. Qd3 Qb4 31. Qb3 Qe4 32. Re3 Qf4 33. Nf3 Nb4 34. Rxe7 1-0